01015nam a22002777a 450000100040000000500170000400800410002102000250006202000370008704000230012405000280014708200160017510000250019124500750021625000400029126000380033130000400036950500080040952001720041752100200058952100200060965000330062965000210066265000190068370000350070288520230713133435.0230713b cb ||||| |||| 00| 0 eng d a0060239891 :c$10.95 a0060240067 (lib. bdg.) :c$10.89 aDLCcDLCdDLCbeng00aPR9199.3.L555bH48 198900a811/.542191 aLittle, Jean,d1932-10aHey world, here I am! /cJean Little ; illustrations by Sue Truesdell. aFirst Harper Trophy edition, 1990.  aNew York :bHarper Trophy,c1990. a88 pages :billustrations ;c20 cm. aN  aA collection of poems and brief vignettes from the perspective of a girl named Kate Bloomfield, reflecting her views on friendship, school, family life, and the world. a570 bLexile  aN bRaz-Plus  0aChildren's poetry, Canadian. 1aCanadian poetry. 1aShort stories.1 aTruesdell, Sue,eillustrator.